Open Data Biblioteca Nacional de Portugal


República Portuguesa: Ministério da Cultura
Biblioteca Nacional de Portugal

Catálogo da BNP: acesso por Identificadores Unívocos
Registos Bibliográficos associados ao registo de autoridade

Etiqueta de registo: 00824cac 22002171 450
001 164561
003 http://id.bnportugal.gov.pt/bib/catbnp/164561
005 19981127002000.0
095 ## $aPTBN00171446
100 ## $a19900201d1898 km y0pora0103 ba
101 0# $apor$cita
102 ## $aIT
105 ## $aa z 000yy
106 ## $ar
200 1# $aCentenario da India$eTorquato Tasso a Luiz de Camões$esoneto: Vasco da Gama$fAntonio de Portugal de Faria
210 #9 $aLeorne$cTypographia de Rafael Giusti$d1898
215 ## $a14, [2] p.$cil.$d23 cm
307 ## $aRetrato de Torquato Tasso no anterrosto
307 ## $aCom reprod. da f. de rosto da ed. de Veneza, de 1586, das "Gioie di rime, e prose", de Torquato Tasso, e de cópia man. do poema por Julio Mosti
517 1# $aTorquato Tasso a Luís de Camões
620 ## $dLivorno
700 #1 $aTasso$bTorquato$f1544-1595$3109446
702 #1 $aFaria$bAntónio de Portugal de$cVisconde de$f1868-1937$4340$326030
801 #0 $aPT$bBN$gRPC
856 40 $uhttps://purl.pt/44216
856 41 $uhttps://purl.pt/44216/service/media/cover/low
856 49 $uhttps://purl.pt/44216/service/media/pdf$qapplication/pdf
958 ## $aBND$bLivre$cDigitalizado$d1$ehttps://purl.pt/44216/service/media/cover/max
966 ## $lBN$mRESIMP$sCAM. 222//6 V.
966 ## $lBN$mRESIMP$sCAM. 253//8 V.
976 ## $d20260616$rpmesqui
995 ## $aCAM500 $d20240529$idfontes
995 ## $aPRR2024 $d20240625$idfontes

OpendataBNP@bnportugal.pt | Mais informação sobre acesso aos dados BNP